Doctor Who 1/02: The End of the World Quiz Stats

 Plays Quiz not verified by Sporcle

Challenge
Share
Tweet
Embed
Score 0/11 Timer 04:00
0 Plays Today
% Correct
Air from his lungs
80.3%
Toxic/Tainted Love
74.7%
5,000,000,000
65.2%
Saliva
57.1%
Russell T Davies
56.6%
Repeated Meme
43.9%
Her phone
39.4%
The Moxx of Balhoon
25.8%
Shareen
21.7%
Cassandra O'Brien Dot Delta 17
15.7%
Crespallion
12.6%

You're not logged in!

Compare scores with friends on all Sporcle quizzes.
OR
Log In

You Might Also Like...

Show Comments

Extras

Created Aug 29, 2011ReportNominate
Tags:World Quiz, doctor, end

Top Quizzes Today


Score Distribution

Your Account Isn't Verified!

In order to create a playlist on Sporcle, you need to verify the email address you used during registration. Go to your Sporcle Settings to finish the process.

Report this User

Report this user for behavior that violates our Community Guidelines.

Details: